[Event "Aeroflot Open 2017"]
[Site "Moscow"]
[Date "2017.02.24"]
[Round "4"]
[White "Yu, Yangyi"]
[Black "Khismatullin, Denis"]
[Result "0-1"]
[WhiteElo "2738"]
[BlackElo "2639"]
[Annotator "TA"]
[PlyCount "70"]
[EventDate "2017.??.??"]

1. e4 c5 2. Nc3 a6 3. g3 b5 4. Bg2 Bb7 5. d3 e6 6. Nh3 b4 7. Ne2 d5 {LiveBook:
10 Games} 8. e5 (8. O-O $11) 8... Nc6 $15 9. f4 Nh6 {Black is slightly better.}
10. Nf2 Nf5 $1 11. O-O Qb6 12. c3 Be7 13. g4 Nh4 14. Bh1 h5 15. g5 f6 16. exf6
gxf6 17. Ng3 fxg5 18. fxg5 O-O-O $1 19. Qe2 e5 ({Better is} 19... Kb8 $1 $17)
20. Nxh5 {Strongly threatening Qg4+.} Kb8 21. Qg4 (21. a3 $11) 21... Ng6 $1 $17
22. Nf6 {[#]} (22. Bg2 $17) 22... e4 $1 $19 23. dxe4 Nce5 24. Qg3 Bd6 $1 (24...
Bxf6 25. gxf6 dxe4 26. Be3 $18 (26. Nxe4 Rh4 27. Bf4 c4+ 28. Be3 Qc7 $16) (26.
Bxe4 Ka8 $16)) 25. h3 Qc7 {...Nf3+! is the strong threat.} 26. Rd1 ({But not} 
26. Nxd5 $2 Bxd5 27. Bg2 Bc4 $19) (26. Re1 {keeps fighting.} c4 27. Be3 (27.
exd5 $2 Nd3 28. Qg4 Nxe1 $19) (27. Nxd5 $2 Bxd5 28. exd5 Nd3 $19)) 26... Nd7 $1
27. Qf3 Nxf6 28. gxf6 dxe4 29. Qg4 Rhg8 30. Kf1 Nf4 31. Qf5 {[#]} (31. Bxf4
$142 Rxg4 32. Bxd6 Rxd6 33. Nxg4) 31... e3 $1 32. Bxe3 {[#]} Bxh1 $2 (32...
Rg1+ $1 $19 {has better winning chances.} 33. Kxg1 Ne2+ 34. Kf1 Ng3+ 35. Kg1
Nxf5 36. Bxb7 Nxe3) 33. f7 $2 (33. Rxd6 $17 Bg2+ 34. Ke1 Qxd6 35. Qxf4 Qxf4 36.
Bxf4+ Kb7 37. Be3) 33... Bg2+ 34. Ke1 Qe7 35. Ng4 {[#]} Rxg4 $1 0-1

[Event "Aeroflot Open 2017"]
[Site "Moscow"]
[Date "2017.02.24"]
[Round "4"]
[White "Vitiugov, Nikita"]
[Black "Kobalia, Mikhail"]
[Result "1/2-1/2"]
[WhiteElo "2724"]
[BlackElo "2628"]
[Annotator "TA"]
[PlyCount "84"]
[EventDate "2017.??.??"]

1. d4 f5 2. Nc3 Nf6 3. Bg5 {??.} d5 4. e3 e6 5. Nf3 a6 6. h3 Be7 7. Bd3 O-O 8.
Ne2 c5 {And now ...c4 would win.} 9. dxc5 Nc6 {Hoping for ...e5.} 10. Ned4 Bxc5
11. O-O Qb6 12. Nb3 Ne4 13. Bf4 Be7 14. c4 Bf6 15. cxd5 exd5 16. Be2 Rd8 17.
Rb1 g5 18. Bh2 Be6 19. Nbd4 Nxd4 20. Nxd4 Bxd4 21. exd4 ({Of course not} 21.
Qxd4 Qxd4 22. exd4 Nd2 $17) 21... f4 22. h4 h6 23. Bf3 Bf5 24. Rc1 Rac8 (24...
Qxb2 25. hxg5 hxg5 26. Bxe4 Bxe4 {[#]} 27. Bxf4 $1 $18) 25. Rxc8 Rxc8 26. Bxe4
(26. g3 $15) 26... dxe4 $17 ({Not} 26... Bxe4 27. Qg4 Rf8 28. hxg5 $16) 27.
hxg5 hxg5 28. d5 Rd8 29. Qd2 e3 30. Qe2 Rxd5 31. fxe3 fxe3 $2 ({Black should
play} 31... Bd3 $19 32. Qf3 Rf5) 32. Re1 $1 $15 Rd3 33. Qh5 {[#]} (33. Bg3 $1
$15) 33... Qg6 $1 $17 34. Qe2 Be4 35. Rd1 {[#]} Qb6 $1 {( -> ...Rxd1+)} 36. Kh1
Qd4 ({Black should try} 36... Rxd1+ $17 37. Qxd1 Qe6) 37. Rxd3 $11 Bxd3 38. Qh5
Qd5 39. Qe8+ {The position is equal.} Kh7 40. Be5 e2 41. Qh5+ Kg8 42. Qe8+ Kh7
1/2-1/2

[Event "Aeroflot Open 2017"]
[Site "Moscow"]
[Date "2017.02.24"]
[Round "4"]
[White "Jobava, Baadur"]
[Black "Bosiocic, Marin"]
[Result "1-0"]
[WhiteElo "2701"]
[BlackElo "2602"]
[Annotator "TA"]
[PlyCount "63"]
[EventDate "2017.??.??"]

1. Nf3 Nf6 2. c4 e6 3. g3 d5 4. Bg2 Be7 5. O-O O-O 6. Qc2 c5 7. d4 Na6 8. dxc5
{LiveBook: 9 Games} Bd7 9. Ne5 Nxc5 10. Nxd7 {White is slightly better.} Qxd7
11. Rd1 Qa4 12. b3 Qa6 13. cxd5 Rac8 14. Nc3 b5 {Black wants to play ...b4.}
15. dxe6 ({Better is} 15. a3 $14) 15... Nxe6 $11 {...b4 is the strong threat.}
({But not} 15... fxe6 16. Rd4 $14) ({Of course not} 15... Qxe6 $6 16. Bf4 $16 (
16. Nxb5 Nce4 17. Nc7 Nxf2 18. Nxe6 Rxc2 $11)) 16. Qb2 b4 $1 {Black has
compensation.} 17. Na4 $1 {[#]} Ng4 $1 {And now ...Bf6 would win.} 18. Rb1 $1
Bf6 19. Qd2 Rfd8 20. Qe1 Nd4 21. Rd2 Re8 (21... Nc2 $14 22. Rxd8+ Rxd8) 22. e3
$16 Nb5 (22... Nc2 $16 23. Qd1 Ngxe3 24. fxe3 Nxe3) 23. Qe2 $18 h5 24. h3 Nxe3
25. fxe3 Bc3 (25... Bg5 {keeps fighting.}) 26. Rd5 (26. Qxh5 Bxd2 27. Bxd2 Nc3
$18) 26... Qg6 27. Qd3 ({Not} 27. Qxb5 Qxb1 28. Qf1 Bf6 $14) 27... Qxg3 $2 {[#]
} (27... Qxd3 28. Rxd3 Be5) 28. Qxb5 {White is clearly winning.} Rcd8 29. Nxc3
bxc3 30. Rxd8 Rxd8 31. Qe2 f5 32. Ba3 1-0

[Event "Aeroflot Open 2017"]
[Site "Moscow"]
[Date "2017.02.24"]
[Round "4"]
[White "Korobov, Anton"]
[Black "Lomasov, Semen"]
[Result "1/2-1/2"]
[WhiteElo "2691"]
[BlackElo "2450"]
[Annotator "TA"]
[PlyCount "114"]
[EventDate "2017.??.??"]

1. e4 e6 2. d4 d5 3. Nd2 c5 4. exd5 Qxd5 5. Ngf3 cxd4 6. Bc4 Qd6 7. O-O Nf6 8.
Nb3 Nc6 9. Re1 a6 10. Nbxd4 Nxd4 11. Nxd4 Qc7 12. Bd3 Bd6 13. g3 O-O 14. Bg5
Be5 15. c3 {LiveBook: 7 Games} Bxd4 16. cxd4 Nd5 $1 17. Rc1 {White is slightly
better.} Qd7 18. Qg4 b6 19. Qe4 {[#]} f5 20. Qe5 h6 21. Bf4 Rf6 22. Bc4 {
Strongly threatening Bxd5.} Bb7 ({Reject} 22... Nxf4 23. Qxf4 (23. gxf4 Rg6+
24. Kf1 Kh7 $14) 23... Bb7 24. Qe5 $14) 23. Qd6 Rd8 24. Qxd7 Rxd7 25. Be5 Rf8
26. Bb3 Kf7 27. a3 g5 28. h3 Rg8 29. Ba4 Rdd8 30. Bd1 Rc8 31. Bh5+ Ke7 32. Bf3
Kf7 33. g4 fxg4 34. Bxg4 Rxc1 35. Rxc1 Rc8 36. Rxc8 Bxc8 $11 {Endgame KBB-KBN}
37. Kh2 Kg6 38. Bd1 h5 39. Bc2+ Kf7 40. h4 g4 41. Kg3 Bd7 42. Be4 Bc6 43. f3
gxf3 $1 44. Bxf3 Kg6 45. Bd6 b5 46. Bg2 Bb7 47. Bf4 Bc6 48. Bg5 Bb7 49. Bf1 Bc6
50. a4 Kf7 51. a5 Nb4 52. Bd2 Nd5 53. Kf3 Ne7+ 54. Kf4 Nf5 55. Be2 {Threatens
to win with Ke5.} Nxh4 {The position is equal.} ({Of course not} 55... Nxd4 56.
Bxh5+ Kf6 57. Kg3 $16) 56. Bxh5+ Ke7 57. Bg4 Bd5 1/2-1/2

[Event "Aeroflot Open 2017"]
[Site "Moscow"]
[Date "2017.02.24"]
[Round "4"]
[White "Adhiban, B."]
[Black "Ramirez, Alejandro"]
[Result "0-1"]
[WhiteElo "2682"]
[BlackElo "2549"]
[Annotator "TA"]
[PlyCount "66"]
[EventDate "2017.??.??"]

1. Nf3 c5 2. c4 b6 3. d4 {??.} cxd4 4. Nxd4 Bb7 5. f3 e6 6. e4 Nc6 7. Nc3 Qb8
8. Be3 Bc5 9. Qd2 Nge7 10. O-O-O O-O 11. Ndb5 d6 12. Nxd6 {next Bxc5 is good
for White.} Rd8 13. Bxc5 bxc5 14. Qf4 f6 15. Qg3 a6 16. Be2 Nd4 17. e5 fxe5 18.
Nxb7 Nef5 $1 19. Qf2 Qxb7 20. Bd3 Rab8 21. Rhe1 Qc7 22. g4 Nd6 23. Re3 Rb4 $36
{Black is in control.} 24. Qh4 {[#]} h6 $1 25. Rxe5 $2 (25. Qg3 $17 {is a
better chance.}) 25... Rdb8 $19 26. Rxe6 (26. g5 $142 Nxc4 27. Rxe6 Nxb2 28.
Qe1 Qf4+ 29. Re3) 26... Rxb2 {Hoping for ...Qa5.} 27. Nd5 Qa5 28. Qh5 Nxe6 {
Black mates.} 29. Ne7+ Kf8 30. Ng6+ Kf7 31. Qe5 Qa3 32. Nh8+ Kg8 33. Qxe6+ Kxh8
0-1

[Event "Aeroflot Open 2017"]
[Site "Moscow"]
[Date "2017.02.24"]
[Round "4"]
[White "Sasikiran, Krishnan"]
[Black "Tari, Aryan"]
[Result "1/2-1/2"]
[WhiteElo "2674"]
[BlackElo "2596"]
[Annotator "TA"]
[PlyCount "52"]
[EventDate "2017.??.??"]

1. e4 c6 2. d4 d5 3. e5 Bf5 4. Nf3 e6 5. Be2 Ne7 6. O-O c5 7. c4 Nbc6 8. Na3 a6
9. dxc5 d4 10. Qa4 Ng6 11. Rd1 Bxc5 12. b4 Ba7 13. c5 O-O {LiveBook: 3 Games}
14. Nc4 d3 {[#] Hoping for ...Nd4.} 15. Bg5 Qd7 {The position is equal.} 16.
Nb2 h6 17. Be3 Qd5 18. Nxd3 Qe4 19. Nd2 Qd5 20. Nb2 {And now Ndc4 would win.}
Qxe5 21. Qa3 (21. Nbc4 $14 Qc3 22. Rdc1) 21... Nd4 22. Bxd4 Qxe2 ({Reject} 
22... Qxd4 $6 23. Ndc4 Qf4 24. g3 $16) 23. Qf3 Qxf3 24. Nxf3 ({But not} 24.
gxf3 Rad8 25. Be3 Bb8 $17) 24... Be4 25. Nc4 Rad8 26. Nd6 Bd5 1/2-1/2

[Event "Aeroflot Open 2017"]
[Site "Moscow"]
[Date "2017.02.24"]
[Round "4"]
[White "Kamsky, Gata"]
[Black "Kulaots, Kaido"]
[Result "1-0"]
[WhiteElo "2669"]
[BlackElo "2590"]
[Annotator "TA"]
[PlyCount "67"]
[EventDate "2017.??.??"]

1. d4 Nf6 2. Nf3 g6 3. Bf4 Bg7 4. c3 d6 5. h3 O-O 6. Nbd2 Nc6 7. e4 Qe8 8. Bc4
e5 9. dxe5 Nxe5 10. Nxe5 dxe5 11. Be3 Qe7 12. O-O Rd8 13. Qc2 Nh5 14. Nf3 Be6
15. Qb3 Bxc4 16. Qxc4 Rd7 17. a4 Nf4 18. Bxf4 exf4 19. e5 Qe6 20. Qxf4 Qb3 21.
Rab1 Re8 22. Rfe1 c5 23. Re2 Rd1+ 24. Rxd1 Qxd1+ 25. Re1 Qb3 {[#]} (25... Qd5
$16 {was called for.}) 26. Ng5 $1 $18 {aiming for e6!} Rf8 {[#]} 27. e6 $1 fxe6
28. Qh4 h6 29. Nxe6 $40 {Qe7 is the strong threat. White goes for the king.}
Rf7 (29... Rf6 $16 {might work better.}) 30. Qd8+ Bf8 31. Nxf8 Rxf8 32. Qd6 Qc2
(32... Qf7 {was necessary.} 33. f3 Re8 34. Rxe8+ Qxe8 35. Qxc5 b6 36. Qd5+ Kg7
37. Qd4+ Kf7) 33. Qd5+ ({Weaker is} 33. Qxc5 Qxb2 34. Qd5+ Kh8 35. Qd4+ Kg8 $18
) 33... Rf7 $2 (33... Kh8 $18) 34. Re8+ ({Less strong is} 34. Qxc5 Qxa4 35. Re6
Kh7 $18) 1-0

[Event "Aeroflot Open 2017"]
[Site "Moscow"]
[Date "2017.02.24"]
[Round "4"]
[White "Dubov, Daniil"]
[Black "Predke, Alexandr"]
[Result "1-0"]
[WhiteElo "2661"]
[BlackElo "2573"]
[Annotator "TA"]
[PlyCount "91"]
[EventDate "2017.??.??"]

1. e4 c5 2. Nf3 d6 3. d4 cxd4 4. Nxd4 Nf6 5. Nc3 Nc6 6. Bg5 e6 7. Qd2 Be7 8.
O-O-O Nxd4 9. Qxd4 O-O 10. h4 Bd7 {LiveBook: 3 Games} 11. Qd2 Bc6 12. f3 a6 {
The position is equal.} 13. Ne2 Rc8 14. Nd4 Nd7 15. Kb1 Bf6 16. g4 (16. Nxc6 $6
Rxc6 17. Be2 Qc7 $11) 16... d5 17. f4 Nc5 18. e5 (18. Nxc6 $6 bxc6 19. Bg2 Rb8
$11) 18... Be7 19. Qe3 (19. Nxc6 $6 bxc6 20. Bg2 Rb8 $11) 19... f6 20. Nxe6 d4
{[#]} 21. Nxd8 $1 dxe3 (21... Rcxd8 22. Bc4+) 22. Nxc6 Rxc6 23. exf6 $1 Bxf6 ({
Don't go for} 23... gxf6 $2 24. Bh6) 24. Re1 ({White should try} 24. Bc4+ $18
Kh8 25. Rhe1) 24... Re8 (24... Bxg5 $14 25. fxg5 Ne4) 25. Rh3 $16 Ne4 26. Bxf6
Rxf6 ({Wrong is} 26... gxf6 $2 27. Kc1 Nf2 28. Rhxe3 Rxe3 29. Rxe3 $18) 27. Kc1
Nf2 28. Rhxe3 ({Inferior is} 28. Rexe3 Rd8 29. Be2 Nxh3 30. Rxh3 Rxf4 $17)
28... Rxe3 29. Rxe3 Nxg4 {Endgame KRB-KRN} 30. Re4 Rh6 31. Rb4 b5 32. a4 Ne3 (
32... Rxh4 $142 33. axb5 axb5) 33. axb5 Nxf1 $2 {KRN-KR} (33... axb5 $16 34.
Bxb5 Rxh4) 34. b6 $18 {Hoping for b7.} Re6 35. c4 $1 Re1+ (35... Re8 $142 36.
c5 Ne3) 36. Kc2 Re8 37. b7 Rb8 38. c5 Ne3+ 39. Kb3 Nd5 40. c6 Kf7 {[#]} 41. Kc4
$1 Ke6 {[#]} 42. Kc5 $1 Nxb4 43. c7 Nd3+ 44. Kb6 Rxb7+ 45. Kxb7 Nc5+ 46. Kc6
1-0

[Event "Aeroflot Open 2017"]
[Site "Moscow"]
[Date "2017.02.24"]
[Round "4"]
[White "Fedoseev, Vladimir"]
[Black "Kraemer, Martin"]
[Result "1-0"]
[WhiteElo "2658"]
[BlackElo "2571"]
[Annotator "TA"]
[PlyCount "55"]
[EventDate "2017.??.??"]

1. d4 Nf6 2. c4 e6 3. Nf3 d5 4. Nc3 c6 5. Bg5 h6 6. Bxf6 Qxf6 7. e3 g6 8. Be2
Bg7 9. O-O O-O 10. e4 Nd7 11. cxd5 exd5 12. exd5 c5 {LiveBook: 3 Games} 13. Ne4
Qb6 14. dxc5 Nxc5 {The position is equal.} 15. Nxc5 Qxc5 16. Rc1 Qb4 17. b3 Rd8
18. Qe1 Qd6 19. Rd1 Bd7 20. Qa5 Rac8 21. Rc1 ({Don't take} 21. Qxa7 $2 Re8 22.
Nd2 Rxe2 $19) 21... a6 22. Nd2 Bd4 23. Nc4 Qf6 24. Qd2 Kg7 25. Bf3 Bb5 (25...
b5 $11 {keeps the balance.} 26. Ne3 Rxc1 27. Rxc1 h5) 26. Rfd1 $16 Bc5 27. Na5
Qb6 $2 {[#]} (27... Bd6 $16 28. Nxb7 Bf4 29. Rxc8 Rxc8) 28. Rxc5 $1 1-0

[Event "Aeroflot Open 2017"]
[Site "Moscow"]
[Date "2017.02.24"]
[Round "4"]
[White "Saric, Ivan"]
[Black "Petrosyan, Manuel"]
[Result "1/2-1/2"]
[WhiteElo "2648"]
[BlackElo "2549"]
[Annotator "TA"]
[PlyCount "78"]
[EventDate "2017.??.??"]

1. e4 e5 2. Nf3 Nc6 3. Bb5 {??.} Nf6 4. d3 Bc5 5. Nc3 Nd4 6. Nxe5 O-O 7. Bc4 c6
8. O-O d6 9. Nxf7 Rxf7 10. Bxf7+ Kxf7 11. Na4 Bg4 12. Qd2 Ne2+ 13. Kh1 {
[#] f3 is the strong threat.} Nxc1 14. Nxc5 ({Don't play} 14. Qxc1 $6 Bb4 $11)
14... dxc5 15. Qxc1 {Strongly threatening e5.} Qd4 16. Qf4 Kg8 17. Qg3 Rf8 18.
c3 Qd7 19. Qe3 b6 20. f3 Bh5 21. a4 Rd8 22. Rfd1 c4 23. d4 Bf7 24. a5 b5 $1 25.
a6 Re8 26. Qg5 Qc7 27. Rf1 h6 28. Qh4 Nh5 29. g3 Qc8 30. g4 (30. Kg2 $11 {
remains equal.}) 30... g5 {Black has strong compensation.} 31. Qf2 Nf4 32. Qd2
Bg6 33. Rfe1 Rf8 34. Re3 Re8 ({Black should try} 34... Qc7 $17 35. Ree1 c5) 35.
h4 (35. Ree1 $11 {was the only way to keep the balance.}) 35... Bf7 36. h5 (36.
Rd1 $17) 36... Rd8 37. Qc2 Re8 38. Qd2 $1 Rd8 39. Qc2 $1 Re8 ({Black should
play} 39... Qc7 $17) 1/2-1/2

[Event "Aeroflot Open 2017"]
[Site "Moscow"]
[Date "2017.02.24"]
[Round "4"]
[White "Swiercz, Dariusz"]
[Black "Sunilduth Lyna, Narayanan"]
[Result "0-1"]
[WhiteElo "2645"]
[BlackElo "2524"]
[Annotator "TA"]
[PlyCount "76"]
[EventDate "2017.??.??"]

1. e4 e5 2. Nf3 Nc6 3. Bc4 Bc5 4. O-O Nf6 5. d3 d6 6. c3 a6 7. a4 Ba7 8. Re1 h6
9. Nbd2 O-O 10. h3 Re8 11. b4 Be6 12. Bxe6 Rxe6 13. Qc2 Ne7 14. Nf1 Ng6 15. Ng3
{LiveBook: 3 Games} d5 16. Rb1 Qd7 17. c4 {White is slightly better.} c6 18. c5
Bb8 19. Nf5 Bc7 20. Be3 Ne7 21. g4 ({White should try} 21. Nxe7+ $14 Rxe7 22.
Nh4) 21... Ng6 22. Kh1 Rd8 23. Rbd1 h5 24. g5 Nh7 25. Qb2 Ree8 26. Kg2 (26. Qe2
$1 $15) 26... Nhf8 27. Ng1 (27. a5 $17) 27... Ne6 $19 28. Ne2 d4 29. Bc1 Ngf4+
30. Nxf4 (30. Bxf4 $17 exf4 31. Qd2) 30... exf4 31. h4 g6 32. Nh6+ Kh7 33. e5 {
[#]} (33. Rh1 {might work better.}) 33... f6 $1 34. exf6 $2 (34. gxf6 Kxh6 35.
f3) 34... f3+ 35. Kg1 {[#]} Nxg5 $1 {Black mates.} 36. Qa2 (36. Bxg5 Qh3) 36...
Qh3 37. Qg8+ Rxg8 38. Re7+ Kh8 0-1

[Event "Aeroflot Open 2017"]
[Site "Moscow"]
[Date "2017.02.24"]
[Round "4"]
[White "Lysyj, Igor"]
[Black "Firouzja, Alireza"]
[Result "1-0"]
[WhiteElo "2643"]
[BlackElo "2465"]
[Annotator "TA"]
[PlyCount "151"]
[EventDate "2017.??.??"]

1. d4 Nf6 2. c4 g6 3. Nc3 Bg7 4. e4 d6 5. Nf3 O-O 6. Be2 e5 7. O-O Nc6 8. Be3
Re8 9. dxe5 dxe5 10. h3 Be6 11. Re1 {LiveBook: 6 Games} Nh5 12. Qxd8 Rexd8 13.
Nd5 {White is slightly better.} Rd7 14. Ng5 Rad8 15. Bxh5 gxh5 16. Rad1 Nd4 (
16... a5 $14) 17. Bxd4 $1 $16 Bxd5 18. exd5 exd4 19. Ne4 {Hoping for Nc5.} Re7
20. Nc5 Rxe1+ 21. Rxe1 {Endgame KRB-KRN} b5 22. Nb7 Rd7 23. Re8+ (23. cxb5 Rxd5
24. Na5 Kf8 $15) (23. b3 $1 $16) 23... Bf8 $14 {White must now prevent ...d3.}
24. b3 $1 bxc4 25. bxc4 Kg7 {Threatening ...d3.} (25... d3 $5 26. Kf1 $8 Kg7
$14) 26. Kf1 d3 27. Ke1 Bb4+ 28. Kd1 c6 29. dxc6 Rc7 30. Nd8 Kf6 (30... Be7 $14
) 31. Re3 $16 Be7 32. Rf3+ Kg6 (32... Ke5 $142) 33. Nxf7 $18 {aiming for Ne5+.}
Bf6 34. Nd6 (34. Rxd3 Kxf7 35. Rd6 Bg7 $17) 34... Be5 (34... Rxc6 35. Rg3+ (35.
Rxd3 Be5 $16) 35... Bg5 36. h4 (36. Rxd3 Bf4 $16) 36... Rxd6 37. Rxg5+ Kh6 38.
c5) 35. Nf5 ({Less strong is} 35. Rxd3 Rxc6 36. Nb5 Rxc4 37. Nxa7 Bd4 $16)
35... Bf6 36. Nd6 Be5 ({Don't take} 36... Rxc6 $2 37. Rg3+ (37. Rxd3 Be5 $16)
37... Bg5 38. h4 (38. Rxd3 Bf4 $16) 38... Rxd6 39. Rxg5+ Kh6 40. c5 $18) 37.
Rxd3 (37. Re3 $18 {has better winning chances.} Rxc6 38. Rxe5 Rxd6 39. Kd2)
37... Rxc6 $16 38. Nb5 Rxc4 39. Nxa7 h4 40. Nb5 Kf6 41. Na3 Ra4 42. Kc2 Ra8 43.
Rf3+ Ke6 44. Nc4 {Re3 is the strong threat.} Rxa2+ 45. Kb3 Re2 {[#]} 46. Re3 $1
Rxe3+ 47. fxe3 {KB-KN} Bf6 48. Kc2 Bg7 49. Kd3 Kf5 50. Ke2 h5 $2 (50... Ke4 $16
{was necessary.}) 51. Kf3 $18 Bh6 $2 (51... Bc3 $16 52. Nb6 Be5) 52. Nb2 Bf8 {
[#]} 53. Nd3 $1 Ba3 54. Nf4 (54. e4+ $142 Kg5 55. Ke3) 54... Kg5 55. Ke4 Bc1
56. Nd3 Ba3 57. Ne5 (57. Ke5 $142 Kg6 58. Ke6 Bf8 59. Ne5+ Kh6 60. Nf3 Bc5 61.
Nxh4 Bb6 62. e4) 57... Be7 58. Nf3+ Kg6 59. Ke5 {White mates.} Kf7 60. Kf5 Bf6
61. e4 Bd8 62. Ng5+ Ke7 63. Ne6 Ba5 64. e5 Bc3 65. Nf4 Be1 66. Nxh5 Bf2 67. Nf4
Be1 68. Nd5+ Ke8 69. Ke6 Bg3 70. Ne3 Bf2 71. Nf5 Be1 72. Kf6 Kf8 73. e6 Bc3+
74. Kg5 Be1 75. Nxh4 Ke7 76. Nf3 1-0

[Event "Aeroflot Open 2017"]
[Site "Moscow"]
[Date "2017.02.24"]
[Round "4"]
[White "Alekseev, Evgeny"]
[Black "Grigoriants, Sergey"]
[Result "1/2-1/2"]
[WhiteElo "2632"]
[BlackElo "2564"]
[Annotator "TA"]
[PlyCount "67"]
[EventDate "2017.??.??"]

1. d4 Nf6 2. Bf4 g6 3. Nc3 {??.} d5 4. Qd2 Bg7 5. O-O-O c6 6. f3 b5 7. Kb1 Nbd7
8. e3 Nb6 9. Bd3 a5 10. e4 dxe4 11. fxe4 b4 (11... Qxd4 $2 {[#]} 12. Nxb5 $1
cxb5 13. Bxb5+ Nfd7 14. Qxd4 Bxd4 15. Rxd4 $16) 12. Nce2 Ng4 13. Rf1 $36 {
White is pushing.} e5 (13... Bxd4 14. Nxd4 Qxd4 15. Nf3 $16) 14. h3 exf4 15.
hxg4 g5 16. Nf3 Bxg4 17. e5 Be6 18. Be4 Bd5 (18... Nd5 $11) 19. Qd3 $16 (19.
Rxh7 $2 Bxe4 20. Rxg7 Bxf3 21. Nxf4 Nc4 $19) 19... h6 20. g3 Bxe4 21. Qxe4 Qd5
22. Nd2 Nc4 $2 {[#]} (22... f3 $1 $14 23. Qxf3 Qxf3 24. Rxf3 O-O) 23. Nxc4 $1
$18 Qxc4 (23... Qxe4 $2 {too greedy.} 24. Nd6+ Kf8 25. Nxe4 $18) 24. gxf4 O-O-O
25. fxg5 hxg5 26. Rxh8 Bxh8 27. Qg4+ Kb8 (27... Kb7 $142 28. Rf5 Rg8) 28. b3 ({
Much less strong is} 28. Qxg5 $6 f6 29. Qe3 Re8 $18) 28... Qd5 29. Qh5 c5 30.
Rxf7 {Threatens to win with Qg6.} cxd4 {[#] ...d3 is the strong threat.} 31.
Qg6 $2 ({But not} 31. Qxg5 $2 d3 32. Qg6 dxc2+ 33. Qxc2 Qxf7 $19) (31. Nc1 $1
$18) 31... Bxe5 $11 {The position is equal.} 32. Qb6+ Kc8 33. Qa6+ Kb8 34. Qb6+
1/2-1/2

[Event "Aeroflot Open 2017"]
[Site "Moscow"]
[Date "2017.02.24"]
[Round "4"]
[White "Bluebaum, Matthias"]
[Black "Najer, Evgeniy"]
[Result "0-1"]
[WhiteElo "2632"]
[BlackElo "2659"]
[Annotator "TA"]
[PlyCount "62"]
[EventDate "2017.??.??"]

1. Nf3 d5 2. g3 Bg4 3. Bg2 c6 4. O-O Nf6 5. h3 Bxf3 6. Bxf3 e5 7. d3 {LiveBook:
25 Games} a5 8. a4 Bc5 9. Nd2 {The position is equal.} O-O 10. e4 Re8 11. c3
Nbd7 12. Bg2 Ba7 13. exd5 cxd5 14. Nb1 e4 15. d4 $1 h6 16. Na3 Bb8 17. Be3 Ra6
18. b4 (18. h4 $11) 18... axb4 19. cxb4 Nf8 20. Qb3 h5 21. Bg5 (21. b5 $11 Ra8
22. h4) 21... N8h7 $17 22. Bd2 (22. b5 $17 {was called for.} Ra8 23. Bd2) 22...
h4 $1 $19 23. g4 $2 (23. Nb5) 23... Qd6 24. Rfc1 $2 (24. Rfe1 Nf8 25. Kf1)
24... Qh2+ 25. Kf1 {[#]} Bg3 $1 26. g5 {[#]} (26. fxg3 e3) 26... Bxf2 $1 27.
Kxf2 {[#]} e3+ $1 28. Bxe3 {[#]} Nxg5 $1 29. Kf1 (29. Bxg5 Ne4+) 29... Nh5 30.
Ra2 Ng3+ 31. Ke1 Qg1+ 0-1

[Event "Aeroflot Open 2017"]
[Site "Moscow"]
[Date "2017.02.24"]
[Round "4"]
[White "Goganov, Aleksey"]
[Black "Xu, Yinglun"]
[Result "1-0"]
[WhiteElo "2632"]
[BlackElo "2540"]
[Annotator "TA"]
[PlyCount "67"]
[EventDate "2017.??.??"]

1. d4 d5 2. c4 e6 3. Nc3 Nf6 4. cxd5 exd5 5. Bg5 c6 6. e3 h6 7. Bh4 Bf5 8. Qf3
Bg6 9. Bxf6 Qxf6 10. Qxf6 gxf6 11. Nf3 Nd7 12. Nh4 {LiveBook: 3 Games} Nb6 13.
f4 f5 ({Black should play} 13... Bh7 $11) 14. Bd3 $14 {White is slightly
better.} Nc4 15. Bxf5 (15. Bxc4 $14 dxc4 16. Kf2 (16. Nxg6 fxg6 17. Kf2 Kd7 $11
)) 15... Bxf5 $11 16. Nxf5 Nxb2 {[#] ...Bb4 is the strong threat.} 17. Ke2 Rg8
18. g3 {aiming for Rab1.} Nc4 19. e4 dxe4 20. Nxe4 O-O-O 21. Kf3 Rg6 22. g4 $36
{White has good play.} Re6 23. Rac1 b5 24. h4 Bb4 25. g5 hxg5 26. hxg5 ({
But not} 26. Nxg5 $2 Rf6 27. Kg4 Rd5 $19) ({Much weaker is} 26. fxg5 $6 Rd5 27.
Neg3 Kc7 $11) 26... Rd5 27. Neg3 c5 28. dxc5 Bd2 $2 (28... Bxc5 $16 29. Rh7 Rd7
) 29. Rh8+ $18 Kc7 {[#]} 30. Rch1 $1 Ra6 $2 (30... Rd3+ 31. Kg4 Ne3+ 32. Nxe3
Rexe3) 31. R1h7 {White is clearly winning.} Ra3+ 32. Kg4 {Black must now
prevent g6.} Rd7 33. Ne4 Ra4 34. Nfd6 1-0

[Event "Aeroflot Open 2017"]
[Site "Moscow"]
[Date "2017.02.24"]
[Round "4"]
[White "Buhmann, Rainer"]
[Black "Gabrielian, Artur"]
[Result "1-0"]
[WhiteElo "2625"]
[BlackElo "2532"]
[Annotator "TA"]
[PlyCount "87"]
[EventDate "2017.??.??"]

1. e4 e5 2. Nf3 Nc6 3. Bb5 a6 4. Ba4 Nf6 5. O-O Be7 6. Re1 b5 7. Bb3 d6 8. a4
b4 9. d4 O-O 10. dxe5 Nxe5 11. Nxe5 dxe5 12. Qe2 Bb7 {LiveBook: 8 Games} 13.
Nd2 Bc5 14. Bc4 a5 {The position is equal.} 15. Bd3 Re8 16. Nb3 Bb6 17. c3 bxc3
18. bxc3 Bc6 19. Bg5 h6 20. Bh4 g5 21. Bg3 Qd7 22. Bc2 Qg4 (22... Rab8 $11) 23.
Qxg4 $14 Nxg4 24. c4 $1 Bd7 25. c5 Ba7 26. f3 Nf6 27. Bf2 Be6 28. Nxa5 Bxc5 29.
Bxc5 Rxa5 30. Bb4 $36 {White is in control.} Ra7 31. Bc5 Ra5 $1 32. Bb4 Ra7 $1
33. a5 Nd7 34. Reb1 c5 35. Bc3 Bc4 (35... Rc8 $16 {might work better.} 36. Ba4
f6) 36. Ba4 $1 $18 Bd3 37. Rb6 Nxb6 38. Bxe8 (38. axb6 $18 Rxa4 39. Rxa4) 38...
Nc8 39. Ra2 ({Better is} 39. Rd1 $18 c4 40. Ra1) 39... Nd6 {[#]} 40. Bc6 $1 f6
$2 {[#]} (40... Ra6 $16 {is a better defense.}) 41. Rd2 $1 c4 42. Rb2 Kg7 43.
Rb8 Rc7 44. Bd5 1-0

[Event "Aeroflot Open 2017"]
[Site "Moscow"]
[Date "2017.02.24"]
[Round "4"]
[White "Sethuraman, S P."]
[Black "Inarkiev, Ernesto"]
[Result "0-1"]
[WhiteElo "2623"]
[BlackElo "2723"]
[Annotator "TA"]
[PlyCount "98"]
[EventDate "2017.??.??"]

1. e4 e5 2. Nf3 Nc6 3. Bc4 Bc5 4. O-O Nf6 5. d3 d6 6. c3 a6 7. a4 h6 8. Re1 O-O
9. h3 Re8 10. Nbd2 Ba7 11. b4 Be6 12. Bxe6 Rxe6 13. Qc2 Qd7 {LiveBook: 3 Games}
14. Nf1 d5 15. Ng3 Rd8 {The position is equal.} 16. Qb3 Ne7 17. c4 dxc4 18.
dxc4 Nc6 19. Bb2 Qd3 20. Qc3 {[#]} ({Better is} 20. Bc3 $1 $11 Bd4 21. Rac1
Bxc3 22. Rxc3) 20... a5 $1 21. bxa5 Bc5 22. Rab1 Bb4 23. Qxd3 Rxd3 24. Red1
Rxd1+ 25. Rxd1 Re8 26. Rb1 {Black must now prevent Bxe5!} Nd7 {Black has
strong compensation.} 27. Nf5 f6 ({Reject} 27... Nxa5 $6 28. Nxe5 Nxe5 29. Bxe5
Rxe5 30. Rxb4 $11) 28. Ne3 Bd6 ({Don't play} 28... Nxa5 29. Bxe5 Nxe5 30. Rxb4
$11) (28... Ra8 $17 29. Bc1 Bxa5) 29. Nd2 Ra8 30. Nb3 ({White should try} 30.
Bc3 $15) 30... Nxa5 $17 31. Nxa5 Rxa5 32. Bc3 Rxa4 33. Rxb7 Nc5 34. Rb8+ Kf7
35. f3 Nd7 36. Rd8 Ke7 $36 {Keeping White busy.} 37. Rg8 $2 {[#]} (37. Rh8 $17)
37... Kf7 $2 (37... Bc5 $1 $19 {has better winning chances.} 38. Rxg7+ Ke6) 38.
Rd8 Ke7 $2 (38... Nf8 $17 39. Nf5 Bc5+ 40. Kf1 Rxc4) 39. Rg8 $19 {[#]} Bc5 $1
40. Rxg7+ Ke6 41. Bd2 Ra2 42. Kh2 Rxd2 43. Nd5 Bd6 44. c5 $2 (44. Rh7) 44...
Nxc5 45. Nxc7+ Bxc7 46. Rxc7 Nd3 47. Rg7 Nf4 48. Kh1 $2 (48. Kg1) 48... Rd7 49.
Rxd7 Kxd7 0-1